| 000 | 00597nam a2200217Ia 4500 | ||
|---|---|---|---|
| 003 | GCL | ||
| 008 | 140319s9999 xx 000 0 eng d | ||
| 020 | _a1857150198 | ||
| 040 |
_aGCL / _cGCL |
||
| 082 | 0 | 4 |
_a813 _bF G |
| 100 | 1 | _aFITZGERALD, F. SCOTT | |
| 245 | 1 | 0 |
_aTHE GREAT GATSBY / _cFITZGERALD, F. SCOTT |
| 700 | 1 | _aBRADBURY, MALCOLM | |
| 260 |
_aانجلترا : _bEVERYMAN'S LIBRARY ، _c1991 |
||
| 300 |
_a21 CM ؛ _cXXXIX,148 P |
||
| 490 |
_aTHE MILLENNIUM LIBRARY _v19 |
||
| 650 | 0 | 4 | _aLITERATURE |
| 650 | 0 | 4 | _aAMERICAN FICTION |
| 650 | 0 | 4 | _aAMERICAN LITERATURE |
| 942 |
_2ddc _cBK |
||
| 999 |
_c5285 _d5285 |
||